| 000 | 00596nam a22001817a 4500 | ||
|---|---|---|---|
| 005 | 20231122092829.0 | ||
| 008 | 231122b |||||||| |||| 00| 0 eng d | ||
| 020 | _a0702133248 | ||
| 041 | _aEnglish | ||
| 082 | _a342 VAN | ||
| 100 |
_aVan der Waldt, G and Helmbold, R _lEnglish |
||
| 245 |
_aThe Constitution and a New Public Administration / _cG Van der Waldt and R Helmbold |
||
| 250 | _aFirst Edition | ||
| 260 |
_aCape Town : _bJuta and Company Ltd, _c1995 |
||
| 300 |
_bxxiii, 195 pages ; _c25,5 cm. |
||
| 650 |
_aLegal practice _bLaw |
||
| 942 |
_cBK _6ALISON_BN_VRIES |
||
| 999 |
_c861 _d861 |
||